01588nam a2200241Ia 450000100060000000300090000600800410001504000130005604000130006904100130008210000200009510000290011524500490014424500480019325000110024126000110025226000180026326000410028130000430032250009110036565000390127665000310131534901IT-RoPAU130308s9999 xx 000 0 und d aIT-RoPAU cIT-RoPAU aITALIANO aDi Nallo Egeria gCodice Aut. SPICS: 16547 aPer una teoria della comunicazione di massa  bPer una Teoria della Comunicazione di Massa a3a ed. aMILANO bAngeli Franco c1981 [1° Ed.: - Ed.Ling.Originale:] a"296 p. (prefazione: no ; testo: 296)" aPremessa e ipotesiTeoriche Ricerca di una Dimensione Storica del Concetto di Massa Massa Organica Connotazione Positiva del Concetto Massa insieme di individui Non Collegati Fra Loro e Incapace di Rappresentare un Corpo Sociale Autonomo Massa e Pubblico Struttura della Comunicazione di Massa ipotesiDi Omologia delle strutture dei Rapporti Sociali Struttura Autoritaria delle comunicazioni di Massa Tipi di Potere e strutture comunicative Omologia Fra Struttura del Potere Burocratico legale e Struttura della Comunicazione di Massa Controinformazione Inserimento della Comunicazione tecnologica nella Comunicazione Naturale Università e Quartiere in un Esperimento di Comunicazione Alternativa Film Inserito nella Comunicazione interpersonale Dalla Canzone di Massa Alla Canzone di fabbrica Comunicazione pubblicitaria Esperienza di Controinformazione Promossa Dalla regione Emilia Romagna Bibliografia aTEORIA DELLA COMUNICAZIONE SOCIALE eCodice materia Spics: 3802